00497cam a22001814a 4500020001500000020001800015041000800033082001300041100001500054245003800069260004400107300001900151500008300170650002100253700001700274942000700291999001700298 a0451527801 a97804515278061 aeng00a201bWAR0 aAugustine,14aThe confessions of St. Augustine  aNew York, N.Y. :bSignet Classic,c1963 axiii, 353 p. ; aOriginally published: New York : Mentor, 1963. With new introd. and afterword. 0aChristian saints1 aWarner, Rex, cBK c23558d23558